Alemania hoy : Pasado y presente de Alemania /

Escrita en el albor de la reconstrucción de Alemania, esta obra pretende manifestar el crecimiento del país tras la guerra y el declive del nacionalsocialismo, y exhibir ante la esfera internacional el interés por recuperar el prestigio y el valor de Alemania. Para ello se presenta la información de...

Celý popis

Uloženo v:
Podrobná bibliografie
Hlavní autor: Arntz, Helmut (dirección)
Médium: Kniha
Jazyk:španělština
Vydáno: Baden-Baden, Alemania : Gobierno Federal, 1966, c1966
Témata:
Tagy: Přidat tag
Žádné tagy, Buďte první, kdo vytvoří štítek k tomuto záznamu!

MARC

LEADER 00000nam^a2200000^a^4500
001 000452283
005 20250521000000.0
009 20260526145450.615
037 |a Acervo ITESO - Biblioteca 
041 |a ESP 
082 |a 943. 0875  |b ALE V. 2 
100 |a Arntz, Helmut  |e (dirección) 
240 1 1 |a [Alemania hoy] 
245 1 0 |a Alemania hoy :  |b Pasado y presente de Alemania /  |c Dir. de H. Arntz. 
264 4 |a Baden-Baden, Alemania :  |b Gobierno Federal,  |c 1966, c1966 
300 |a 120 p., [2 láminas] 
336 |a texto  |b txt  |2 rdacontenido 
337 |a sin mediación  |b n  |2 rdamedio 
338 |a volumen  |b nc  |2 rdasoporte 
520 |a Escrita en el albor de la reconstrucción de Alemania, esta obra pretende manifestar el crecimiento del país tras la guerra y el declive del nacionalsocialismo, y exhibir ante la esfera internacional el interés por recuperar el prestigio y el valor de Alemania. Para ello se presenta la información de la vida social, política y económica de Alemania, en especial lo relacionado al gobierno, la administración pública, el turismo, la industria, el comercio, las artes, la salud, el deporte y las instituciones sociales. 
520 |a Esta edición es una separata de la obra general que se enfoca en la historia del país a partir de la conclusión de la guerra en 1945. 
649 |a XX 
650 |a Alemania -  |x Historia -  |y Ocupación Aliada, 1945-1949 
650 |a Alemania -  |x Historia -  |y RDA y RFA, 1949-1990 -  |x Tema Principal 
650 |a Alemania -  |x Historia -  |x Tema Principal 
910 |a Fondo Efraín González Morfín 
920 |a Impresos - Libros 
930 |a Fondos Especiales 
905 |a 130 
901 |a 0500383968  |b IT2  |c ESL  |i D87330  |u 20250521 
902 |a https://opac.biblio.iteso.mx/vufind/Record/000452283